MENTOR HOME SCIENCE (Record no. 216754)

MARC details
000 -LEADER
fixed length control field 00480nam a22001697a 4500
008 - FIXED-LENGTH DATA ELEMENTS--GENERAL INFORMATION
fixed length control field 260303b |||||||| |||| 00| 0 eng d
020 ## - INTERNATIONAL STANDARD BOOK NUMBER
International Standard Book Number 9789914709681
050 ## - LIBRARY OF CONGRESS CALL NUMBER
Classification number TX 165.M46 2025 V.10
100 ## - MAIN ENTRY--PERSONAL NAME
Personal name OPONDO,DR.JOSPHINE
245 ## - TITLE STATEMENT
Title MENTOR HOME SCIENCE
260 ## - PUBLICATION, DISTRIBUTION, ETC.
Place of publication, distribution, etc. NAIROBI,KENYA
Name of publisher, distributor, etc. MENTOR PUBLISHING COMPANY
Date of publication, distribution, etc. 2025
300 ## - PHYSICAL DESCRIPTION
Extent 111,292P.
650 ## - SUBJECT ADDED ENTRY
Topical term or geographic name entry element HOME SCIENCE TEXTBOOK
700 ## - ADDED ENTRY--PERSONAL NAME
Personal name KARANJA ESTHER,KINGONDU M. FRANCIS
942 ## - ADDED ENTRY ELEMENTS (KOHA)
Source of classification or shelving scheme Library of Congress Classification
Koha item type Long Loan Book
Holdings
Withdrawn status Lost status Source of classification or shelving scheme Damaged status Not for loan Collection Home library Current library Shelving location Date acquired Inventory number Total checkouts Full call number Barcode Date last seen Copy number Price effective from Koha item type
    Library of Congress Classification     Science & Technology Kisii University Library Kisii University Library On Display 03/03/2026 112262   TX 165.M46 2025 V.10 A000332 03/03/2026 C.1 03/03/2026 Long Loan Book
    Library of Congress Classification     Science & Technology Kisii University Library Kisii University Library On Display 03/03/2026 112263   TX 165.M46 2025 V.10 A000331 03/03/2026 C.2 03/03/2026 Long Loan Book
    Library of Congress Classification     Science & Technology Kisii University Library Kisii University Library On Display 03/03/2026 112264   TX 165.M46 2025 V.10 A000334 03/03/2026 C.3 03/03/2026 Long Loan Book
    Library of Congress Classification     Science & Technology Kisii University Library Kisii University Library On Display 03/03/2026 112265   TX 165.M46 2025 V.10 A000333 03/03/2026 C.4 03/03/2026 Long Loan Book
    Library of Congress Classification     Science & Technology Kisii University Library Kisii University Library On Display 03/03/2026 112266   TX 165.M46 2025 V.10 A000336 03/03/2026 C.5 03/03/2026 Long Loan Book